000 01110cam a2200193 4500500
005 20251228054850.0
041 _afre
042 _adc
100 1 0 _aVan Haecht, Anne
_eauthor
245 0 0 _aLa posture critique en sociologie de l'éducation. Tentatives d'état des lieux et de perspectives d'avenir
260 _c2004.
500 _a22
520 _aPRÉSENTATION La posture critique en sociologie de l’éducation : tentatives d’état des lieux et de perspectives d’avenir
520 _aINTRODUCTION The critical stance in sociology of education : assessing its current situation and thinking of future prospects
520 _aPRESENTACIÓN La postura crítica en sociología de la educación : tentativa de observación crítica y de perspectivas futuras
520 _aEINFÜHRUNG Die kritische Stellung in der Erziehungssoziologie : Versuche einer Bestandsaufnahme und Zukunftsperspektiven
786 0 _nÉducation et Sociétés | 13 | 1 | 2004-03-01 | p. 5-10 | 1373-847X
856 4 1 _uhttps://shs.cairn.info/revue-education-et-societes-2004-1-page-5?lang=fr&redirect-ssocas=7080
999 _c1586287
_d1586287